| 000 | 01043cab a2200253 4500 | ||
|---|---|---|---|
| 001 | ABS59129 | ||
| 008 | 090401t1998 xxu||||| |||| 00| 0 eng d | ||
| 035 | _a(Sirsi) u87966 | ||
| 041 | _aeng | ||
| 100 | _aBlackler, T. | ||
| 245 | _aContractual obligations | ||
| 260 | _c1998 | ||
| 350 | _a0 | ||
| 490 |
_aBuilding _v263(40) 7 August 1998, 36-37(2) |
||
| 520 | _aDiscusses Amendment 18 to the Standard Form of Buiding Contract in relation to advance payment bonds and bonds in respect of payment for off-site materials. Considers the decision in the case of Tower Housing Association v Technical & General Guarantee. | ||
| 650 | _aADVANCE PAYMENT BONDS | ||
| 650 | _aAMENDMENT 18 | ||
| 650 | _aBUILT ENVIRONMENT-BUILDING CONTRACT FORMS-STANDARD FORMS OF BUILDING CONTRACT-JOINT CONTRACTS TRIBNUAL CONTRACTS | ||
| 650 | _aPAYMENT BOND FOR OFF-SITE MATERIALS | ||
| 650 | _aTOWER HOUSING ASSOCIATION V TECHNICAL AND GENERAL GUARANTEE | ||
| 690 | _aBUILT ENVIRONMENT-BUILDING CONTRACT FORMS | ||
| 942 | _n0 | ||
| 948 | _c12/08/1998 | ||
| 999 |
_c55524 _d55524 |
||